Решение прямых задач гравиметрии для сферических аппроксимирующих тел. Тестирование алгоритмов; Известия Томского политехнического университета [Известия ТПУ]; Т. 322, № 1 : Науки о Земле
| Parent link: | Известия Томского политехнического университета [Известия ТПУ]/ Томский политехнический университет (ТПУ).— , 2000- Т. 322, № 1 : Науки о Земле.— 2013.— [С. 35-39] |
|---|---|
| المؤلف الرئيسي: | |
| مؤلفون آخرون: | , |
| الملخص: | Заглавие с титульного листа Электронная версия печатной публикации На системе контрольных примеров выполнено тестирование алгоритмов численного решения прямой задачи гравиметрии для аппроксимирующего тела в виде сферической треугольной призмы с произвольными верхним и нижним основаниями на предмет их устойчивости, точности и быстродействия. |
| اللغة: | الروسية |
| منشور في: |
2013
|
| سلاسل: | Геофизика |
| الموضوعات: | |
| الوصول للمادة أونلاين: | http://earchive.tpu.ru/bitstream/11683/4619/1/bulletin_tpu-2013-322-1-05.pdf |
| التنسيق: | الكتروني فصل الكتاب |
| KOHA link: | https://koha.lib.tpu.ru/cgi-bin/koha/opac-detail.pl?biblionumber=233872 |
MARC
| LEADER | 00000nla2a2200000 4500 | ||
|---|---|---|---|
| 001 | 233872 | ||
| 005 | 20231031203642.0 | ||
| 035 | |a (RuTPU)RU\TPU\book\254954 | ||
| 035 | |a RU\TPU\book\254953 | ||
| 090 | |a 233872 | ||
| 100 | |a 20130313d2013 k y0rusy50 ca | ||
| 101 | 0 | |a rus | |
| 102 | |a RU | ||
| 135 | |a drnn ---uucaa | ||
| 181 | 0 | |a i | |
| 182 | 0 | |a b | |
| 200 | 1 | |a Решение прямых задач гравиметрии для сферических аппроксимирующих тел. Тестирование алгоритмов |b Электронный ресурс |f В. И. Старостенко, Ю. В. Пятаков, В. И. Исаев | |
| 203 | |a Текст |c электронный | ||
| 215 | |a 1 файл (340 Кб) | ||
| 225 | 1 | |a Геофизика | |
| 230 | |a Электронные текстовые данные (1 файл : 340 Кб) | ||
| 300 | |a Заглавие с титульного листа | ||
| 300 | |a Электронная версия печатной публикации | ||
| 320 | |a [Библиогр.: с. 39 (8 назв.)] | ||
| 330 | |a На системе контрольных примеров выполнено тестирование алгоритмов численного решения прямой задачи гравиметрии для аппроксимирующего тела в виде сферической треугольной призмы с произвольными верхним и нижним основаниями на предмет их устойчивости, точности и быстродействия. | ||
| 337 | |a Adobe Reader | ||
| 461 | 1 | |0 (RuTPU)RU\TPU\book\176237 |t Известия Томского политехнического университета [Известия ТПУ] |f Томский политехнический университет (ТПУ) |d 2000- | |
| 463 | 1 | |0 (RuTPU)RU\TPU\book\254945 |x 1684-8519 |t Т. 322, № 1 : Науки о Земле |v [С. 35-39] |d 2013 |p 175 с. | |
| 610 | 1 | |a прямые задачи | |
| 610 | 1 | |a гравиметрия | |
| 610 | 1 | |a сферические многогранники | |
| 610 | 1 | |a сферические треугольные призмы | |
| 610 | 1 | |a алгоритмы | |
| 610 | 1 | |a тестирование | |
| 610 | 1 | |a труды учёных ТПУ | |
| 610 | 1 | |a электронный ресурс | |
| 700 | 1 | |a Старостенко |b В. И. |g Виталий Иванович | |
| 701 | 1 | |a Пятаков |b Ю. В. |g Юрий Владиславович | |
| 701 | 1 | |a Исаев |b В. И. |c российский геолог |c профессор Томского политехнического университета, доктор геолого-минералогических наук |f 1952- |g Валерий Иванович |2 stltpush |3 (RuTPU)RU\TPU\pers\24786 | |
| 801 | 1 | |a RU |b 63413507 |c 20090623 |g PSBO | |
| 801 | 2 | |a RU |b 63413507 |c 20220126 |g PSBO | |
| 856 | 4 | |u http://earchive.tpu.ru/bitstream/11683/4619/1/bulletin_tpu-2013-322-1-05.pdf | |
| 942 | |c CF | ||